| 000 | 01472nam0a22002651 4500 | ||
|---|---|---|---|
| 001 | rc\947394 | ||
| 005 | 20041129100009.4 | ||
| 035 | _a(NLR Aleph) 006119360 | ||
| 090 |
_a5444062 _c5444062 |
||
| 100 | _a20041129d1982 u |0rusy50 ca | ||
| 101 | 0 | _arus | |
| 102 | _aRU | ||
| 105 | _ay ||||||||| | ||
| 200 | 1 |
_aМетодические рекомендации по выявлению и оценке внепроизводственных резервов повышения производительности труда в производственных объединениях (на предприятиях) промышленности строительных материалов _fМ-во пром-сти строит. материалов СССР, ВНИИ НТИ и экономики пром-сти материалов _g[Разраб. в составе к. э. н. С.И. Ильина и др.] |
|
| 210 |
_aМ. _cВНИИЭСМ _d1982 |
||
| 215 |
_a52 с. _d20 |
||
| 225 | 1 | _aПромышленность строительных материалов | |
| 320 | _aБиблиогр.: с. 49-51 | ||
| 702 | 1 |
_aИльин _bС. И. _gСвятослав Игоревич _4570 |
|
| 712 | 0 | 2 | _aВНИИ науч.-техн. информации и экономики промышленности строительных материалов |
| 801 | 0 |
_aRU _bNLR _gpsbo |
|
| 801 | 1 |
_aRU _bELAR _2rusmarc |
|
| 852 |
_aNLR _j83-4/1654 |
||
| 942 | _cBOOK | ||
| 980 | _aNB | ||